|
|
|
|
| LEADER |
01419nam a2200325 a 4500 |
| 001 |
12687405 |
| 008 |
111207s2003 nyua b 001 0 eng d |
| 010 |
|
|
|a 2002017897
|
| 020 |
|
|
|a 0815338295
|
| 040 |
|
|
|a DLC
|c DLC
|d YDX
|d UKM
|d OCLCQ
|d BAKER
|d DLC
|d BD-DhAAL
|
| 082 |
0 |
0 |
|a 379.1/29172/4
|2 21
|
| 999 |
|
|
|c 11541
|d 11541
|
| 999 |
|
|
|c 11541
|
| 100 |
1 |
|
|a Chabbott, Colette.
|9 7677
|
| 245 |
1 |
0 |
|a Constructing education for development :
|b international organizations and education for all /
|c Colette Chabbott.
|
| 260 |
|
|
|a New York :
|b RoutledgeFalmer,
|c 2003.
|
| 300 |
|
|
|a xvii, 196 p. :
|b ill. ;
|c 24 cm.
|
| 490 |
|
0 |
|a Reference books in international education
|
| 504 |
|
|
|a Includes bibliographical references (p. 181-191) and index.
|
| 541 |
1 |
|
|e 00023942
|
| 611 |
2 |
0 |
|a World Conference on Education for All
|d (1990 :
|c Bangkok, Thailand)
|9 7678
|
| 650 |
|
0 |
|a Educational assistance
|z Developing countries.
|9 7679
|
| 650 |
|
0 |
|a Education
|x International cooperation.
|9 7680
|
| 650 |
|
0 |
|a Fundamental education
|v Congresses.
|9 7681
|
| 650 |
|
0 |
|a Basic education
|v Congresses.
|9 7682
|
| 650 |
|
0 |
|a Literacy
|v Congresses.
|9 7683
|
| 650 |
|
0 |
|a Education
|x Social aspects
|v Congresses.
|9 7684
|
| 852 |
1 |
|
|a Ayesha Abed Library
|j General shelf
|
| 942 |
|
|
|2 ddc
|c BK
|
| 952 |
|
|
|0 0
|1 0
|2 ddc
|4 0
|6 379_129172400000000_CHA
|7 0
|9 18788
|a JPGSPH
|b JPGSPH
|d 2011-12-07
|e School of Public Helath
|l 0
|o 379.1291724 CHA
|p 3060023942
|r 2011-12-07
|t 1
|w 2011-12-07
|y BK
|